000 00779cab a22001935a 4500
001 L159287
008 160505e20160409xxk 000 0 eng d
035 _a(Sirsi) u159287
041 0 _aeng
100 1 _aSimmons, Mark
245 0 0 _aUnderground, overground, developing free
260 _c2016
490 _aEstates Gazette
_v(1614) 9 April 2016, 72-75(3)
520 _aReports on TFL?s ambitious plans to create 10 000 new homes in the capital. The transport operator?s property partnerships programme plans to generate £3.4bn in non-fares commercial revenue by 2023. Much of this will come from residential property development. With details of early redevelopment sites.
590 _aKA
651 4 _aLondon
690 _aPlanning and development
_96259
942 _n0
999 _c84864
_d84864